Normal view MARC view

Entry Topical Term

Number of records used in: 2

001 - CONTROL NUMBER

  • control field: 30916

003 - CONTROL NUMBER IDENTIFIER

  • control field: OSt

005 - DATE AND TIME OF LATEST TRANSACTION

  • control field: 20250505013030.0

008 - FIXED-LENGTH DATA ELEMENTS

  • fixed length control field: 250505|| aca||aabn | a|a d

040 ## - CATALOGING SOURCE

  • Original cataloging agency: OSt
  • Transcribing agency: OSt

150 ## - HEADING--TOPICAL TERM

  • Topical term or geographic name entry element: What Christmas means to me (Filipino poem)

670 ## - SOURCE DATA FOUND

  • Source citation: Work cat.: (OSt)9558: Muana, Julita Cuasta 30915, What Christmas means to me /, 2005.